North American Country’s - Statistics

General Stats
  • This quiz has been taken 1,774 times
  • The average score is 16 of 23
Answer Stats
Answer % Correct
United States of America
97%
Canada
95%
Mexico
91%
Cuba
80%
Panama
76%
Bahamas
75%
Haiti
74%
Dominica
73%
Jamaica
73%
Guatemala
71%
Costa Rica
70%
Dominican Republic
70%
El Salvador
70%
Honduras
69%
Barbados
65%
Belize
64%
Nicaragua
64%
Antigua and Barbuda
60%
Saint Lucia
59%
Saint Kitts and Nevis
58%
Trinidad and Tobago
55%
Saint Vincent and the Grenadines
53%
Grenada
51%
No matching quizzes found
Score Distribution
Percent of People with Each Score
Percentile by Number Answered
Your Score History
You have not taken this quiz